Building hupermedia applications : a software development guide

Αποθηκεύτηκε σε:
Λεπτομέρειες βιβλιογραφικής εγγραφής
Κύριος συγγραφέας: Howell, Gary Thomas
Μορφή: Βιβλίο
Γλώσσα:English
Δημοσίευση: London : McGraw-Hill, 1992
Θέματα:
Ετικέτες: Προσθήκη ετικέτας
Δεν υπάρχουν, Καταχωρήστε ετικέτα πρώτοι!

MARC

LEADER 00000nam a2200000 i 4500
001 1/62181
008 930916s eng d
020 |a 0-07-030601-X 
035 |a ΛΕΣΒΟΣb10000987  |l 10000987 
040 |a GR-MY-UA  |b gre  |e aacr 
041 0 |a eng 
082 0 |a 005.75 
100 1 |a Howell, Gary Thomas. 
245 1 0 |a Building hupermedia applications :  |b a software development guide /  |c Gary Thomas Howell 
260 |a London :   |b McGraw-Hill,   |c 1992 
300 |a 287 p. 
504 |a Includes bibliographical references and index 
650 0 0 |a Interactive multimedia. 
650 0 0 |a Computer software  |x Development. 
852 |a INST  |b LESVOS  |e 19930916  |h 005.75 HOW  |p 005100006673  |q 005100006673  |t BK  |y 0 
909 |a Λ  |b 027593